| 000 | 00913nam0a22002531 4500 | ||
|---|---|---|---|
| 001 | rc\601447 | ||
| 005 | 20250621180843.0 | ||
| 035 | _a(NLR Aleph) 005845816 | ||
| 090 |
_a5726978 _c5726978 |
||
| 100 | _a20031121d1986 |||y0rusy50 ca | ||
| 101 | 0 | _arus | |
| 102 | _aRU | ||
| 105 | _aa ||||||||| | ||
| 200 | 1 |
_aДорожные одежды с использованием шлаков _f[А.Я. Тулаев, И.В. Королев, В.С. Исаев, В.М. Юмашев] _gПод ред. А.Я. Тулаева |
|
| 210 |
_aМ. _cТранспорт _d1986 |
||
| 215 |
_a220, [1] с. _cил. _d22 |
||
| 300 | _aАвт. указаны перед вып. дан. | ||
| 320 | _aБиблиогр.: с. 216-219 (69 назв.) | ||
| 701 | 1 |
_aТулаев _bА.Я. _gАлександр Яковлевич |
|
| 801 | 0 |
_aRU _bNLR _gpsbo |
|
| 801 | 1 |
_aRU _bELAR _2rusmarc |
|
| 852 |
_aNLR _j86-5/4799 |
||
| 942 | _cBOOK | ||
| 980 | _aNB | ||